[Event "Zaragoza Province-ch Primera"]
[Site "Zaragoza"]
[Date "2015.10.18"]
[Round "3"]
[White "Gaston Cabello, Jorge Luis"]
[Black "Laborda Perez, Jose Antonio"]
[Result "1-0"]
[WhiteElo "1731"]
[BlackElo "1588"]
[PlyCount "181"]
[EventDate "2015.09.27"]
[EventType "swiss"]
[EventRounds "6"]
[EventCountry "ESP"]
[SourceTitle "CBM 170 Extra"]
[Source "ChessBase"]
[SourceDate "2016.02.25"]
[SourceVersion "1"]
[SourceVersionDate "2016.02.25"]
[SourceQuality "1"]

1. d4 Nf6 2. Bf4 Nh5 3. Bg5 c5 4. e4 Nf6 5. Bxf6 exf6 6. d5 d6 7. Nd2 Nd7 8. Be2 Ne5 9. Ngf3 Be7 10. 0-0 0-0 11. Nh4 a6 12. f4 Ng6 13. Nxg6 fxg6 14. a4 Bd7 15. c4 Qe8 16. Qb3 Rb8 17. a5 Qd8 18. Qg3 f5 19. e5 dxe5 20. fxe5 Bh4 21. Qe3 Bg5 22. Qd3 Bxd2 23. Qxd2 Re8 24. Qe3 Qf6 25. e6 Qxb2 26. Qxc5 Bxe6 27. Bf3 Rbc8 28. Qa7 Ra8 29. Qf2 Qxf2+ 30. Kxf2 Bd7 31. Rfb1 Rab8 32. Rb6 g5 33. Bd1 f4 34. Rab1 Bf5 35. R1b3 Rbc8 36. Be2 Rc5 37. Ra3 Bc8 38. Ra2 g4 39. Rb1 h5 40. Bd3 h4 41. Re1 g3+ 42. hxg3 fxg3+ 43. Kf1 Rf8+ 44. Kg1 h3 45. gxh3 Bxh3 46. Re7 Bc8 47. Rg2 Rxa5 48. Rxg3 Ra1+ 49. Kg2 Ra2+ 50. Kh1 Ra1+ 51. Rg1 Rxg1+ 52. Kxg1 Rf6 53. Re8+ Rf8 54. Bh7+ Kf7 55. Bg6+ Kg8 56. d6 Bd7 57. Re7 Rd8 58. c5 a5 59. Be4 Bc6 60. Bxc6 bxc6 61. Ra7 Kf8 62. Rxa5 Kf7 63. Ra7+ Ke6 64. Rxg7 Kd5 65. Rg5+ Ke6 66. Kg2 Rf8 67. Kg3 Kd7 68. Re5 Rf7 69. Kg4 Kd8 70. Kg5 Rf1 71. Kg6 Rf2 72. Rf5 Rg2+ 73. Kf7 Re2 74. Kf6 Kd7 75. Re5 Rf2+ 76. Kg6 Kd8 77. Rh5 Kd7 78. Rh7+ Kd8 79. Rc7 Rg2+ 80. Kf5 Rc2 81. Rxc6 Kd7 82. Rc7+ Kd8 83. Ke6 Re2+ 84. Kd5 Rh2 85. Kc6 Rh6 86. Ra7 Ke8 87. Ra8+ Kf7 88. Kc7 Ke6 89. d7 Rh7 90. Re8+ Kd5 91. Kc8 1-0

[Event "Zaragoza Province-ch Primera"]
[Site "Zaragoza"]
[Date "2015.09.27"]
[Round "1"]
[White "Pascual Sese, Lucas"]
[Black "Laborda Perez, Jose Antonio"]
[Result "1/2-1/2"]
[WhiteElo "1755"]
[BlackElo "1588"]
[PlyCount "52"]
[EventDate "2015.09.27"]
[EventType "swiss"]
[EventRounds "6"]
[EventCountry "ESP"]
[SourceTitle "CBM 170 Extra"]
[Source "ChessBase"]
[SourceDate "2016.02.25"]
[SourceVersion "1"]
[SourceVersionDate "2016.02.25"]
[SourceQuality "1"]

1. e4 g6 2. Nc3 Bg7 3. g3 a6 4. Bg2 d6 5. f4 c5 6. Nf3 Nf6 7. d3 Nc6 8. 0-0 0-0 9. h3 Rb8 10. Bd2 b5 11. Qc1 e6 12. Nd1 Nd4 13. Nxd4 cxd4 14. Nf2 Bb7 15. e5 dxe5 16. fxe5 Nh5 17. Bf4 Bxg2 18. Kxg2 Qd5+ 19. Kh2 Nxf4 20. gxf4 h5 21. Ne4 Rbc8 22. Qd1 Rc7 23. b3 Rfc8 24. Rf2 Qd8 25. Rg2 Qh4 26. Rf2 Kh8 1/2-1/2